| 000 | 00364nam a22001577a 4500 | ||
|---|---|---|---|
| 020 | _a81-8204-039-6 | ||
| 082 |
_a621.281 _bSHA |
||
| 100 | _aSHARMA, SONIA RAHUL | ||
| 245 | _aTHE COMPUTER FOR HOTEL MANAGEMENT | ||
| 250 | _a1ST | ||
| 260 |
_aDELHI _bAMAN _c2013 |
||
| 300 | _a512 | ||
| 650 | _aCOMPUTER, HOTEL MANAGEMENT | ||
| 653 | _aCOMPUTER | ||
| 942 |
_2ddc _cBK |
||
| 999 |
_c8030 _d8030 |
||